000 00421nam a2200169 a 4500
001 20406
005 20180713214001.0
008 140415s1962 000 0 spa d
041 _aspa
082 _a760
_bKAU
100 1 _aKAUFFMANN, DESIRE
245 1 0 _aGRAPHIC ARTS CRAFTS
250 _a2a ed.
260 _a[s.l.] :
_bD. VANNOSTRAND COMPANY,
_c1962
300 _a260
650 1 4 _aARTES GRAFICAS
999 _c20406
_d20406